Examen y mejora de la visión seguido de una serie de cuadros sinópticos de las diversas alteraciones en la refracción y en la acomodación del ojo, con las lentes destinadas a corregirlas, y de unas tablas y escala visuales cromáticas / (Record no. 40730)

MARC details
000 -LEADER
campo de control de longitud fija 01036nam a2200205 i 4500
001 - NÚMERO DE CONTROL
campo de control 40730
003 - IDENTIFICADOR DE NÚMERO DE CONTROL
campo de control ES-MaACL
005 - FECHA Y HORA DE LA ÚLTIMA TRANSACCIÓN
campo de control 20250820063029.0
007 - CAMPO FIJO DE DESCRIPCIÓN FÍSICA--INFORMACIÓN GENERAL
campo de control de longitud fija t|
008 - DATOS DE LONGITUD FIJA--INFORMACIÓN GENERAL
campo de control de longitud fija 030306s1880 sp ||||1| spa d
100 1# - ENTRADA PRINCIPAL--NOMBRE DE PERSONA
Nombre de persona Carreras y Aragó, Luis,
Fechas asociadas al nombre 1835-1907
9 (RLIN) 35685
245 10 - MENCIÓN DEL TÍTULO
Título Examen y mejora de la visión seguido de una serie de cuadros sinópticos de las diversas alteraciones en la refracción y en la acomodación del ojo, con las lentes destinadas a corregirlas, y de unas tablas y escala visuales cromáticas /
Mención de responsabilidad, etc. por Luis Carreras Aragó ; ilustrado con grabados y cromos por... Ricardo de Vilallonga.
260 ## - PUBLICACIÓN, DISTRIBUCIÓN, ETC.
Lugar de publicación, distribución, etc. Barcelona :
Nombre del editor, distribuidor, etc. [s.n.],
Fecha de publicación, distribución, etc. 1880 (
Fabricante Estab. Tip. de los Sucesores de N. Ramírez y Cª)
300 ## - DESCRIPCIÓN FÍSICA
Extensión 60, [38] p., [3] h. de lám. col. ;
Dimensiones 30 cm.
650 04 - PUNTO DE ACCESO ADICIONAL DE MATERIA--TÉRMINO DE MATERIA
Término de materia o nombre geográfico como elemento de entrada Oftalmología.
9 (RLIN) 15693
650 #4 - PUNTO DE ACCESO ADICIONAL DE MATERIA--TÉRMINO DE MATERIA
Término de materia o nombre geográfico como elemento de entrada Óptica fisiológica.
9 (RLIN) 152040
700 1# - ENTRADA AGREGADA--NOMBRE PERSONAL
Nombre de persona Vilallonga Velasco, Ricardo de.
9 (RLIN) 171732
852 ## - LOCALIZACIÓN
Ubicación ES-MaACL
Número de control de estantería T-664-F-8
Nota libre - Dedicatoria manuscrita del autor a Manuel Sáenz Díez
Holdings
Estatus retirado Estado de pérdida Estado de daño No para préstamo Colección Biblioteca de origen Biblioteca actual Ubicación en estantería Fecha de adquisición Fuente de adquisición Total de préstamos Signatura topográfica completa Código de barras Visto por última vez Precio de reemplazo Tipo de ítem Koha
        Colección de folletos Biblioteca del Ateneo de Madrid Biblioteca del Ateneo de Madrid Depósito folletos 17/01/2008     T-664-F-8 1042879 23/02/2023 23/02/2023 Folleto